<?xml version="1.0" encoding="UTF-8"?>
<collection xmlns="http://www.loc.gov/MARC21/slim">
 <record>
  <leader>01212nam a2200349 a 4500</leader>
  <controlfield tag="001">28629</controlfield>
  <controlfield tag="003">BD-DhAAL</controlfield>
  <controlfield tag="005">20141125094826.0</controlfield>
  <controlfield tag="008">141125s2001    enk           000 1 eng  </controlfield>
  <datafield tag="010" ind1=" " ind2=" ">
   <subfield code="a">  2001041910</subfield>
  </datafield>
  <datafield tag="020" ind1=" " ind2=" ">
   <subfield code="a">0340739762</subfield>
  </datafield>
  <datafield tag="020" ind1=" " ind2=" ">
   <subfield code="a">0375507264 (acidfree paper)</subfield>
  </datafield>
  <datafield tag="040" ind1=" " ind2=" ">
   <subfield code="a">DLC</subfield>
   <subfield code="c">DLC</subfield>
   <subfield code="d">DLC</subfield>
   <subfield code="d">BD-DhAAL</subfield>
  </datafield>
  <datafield tag="043" ind1=" " ind2=" ">
   <subfield code="a">a-ja---</subfield>
  </datafield>
  <datafield tag="050" ind1="0" ind2="0">
   <subfield code="a">PR6063.I785</subfield>
   <subfield code="b">N86 2001</subfield>
  </datafield>
  <datafield tag="082" ind1="0" ind2="0">
   <subfield code="a">823/.92</subfield>
   <subfield code="2">21</subfield>
  </datafield>
  <datafield tag="100" ind1="1" ind2=" ">
   <subfield code="a">Mitchell, David</subfield>
   <subfield code="q">(David Stephen)</subfield>
   <subfield code="9">6183</subfield>
  </datafield>
  <datafield tag="245" ind1="1" ind2="0">
   <subfield code="a">Number9dream /</subfield>
   <subfield code="c">David Mitchell.</subfield>
  </datafield>
  <datafield tag="246" ind1="3" ind2="0">
   <subfield code="a">Number 9 dream</subfield>
  </datafield>
  <datafield tag="246" ind1="3" ind2=" ">
   <subfield code="a">Number nine dream</subfield>
  </datafield>
  <datafield tag="260" ind1=" " ind2=" ">
   <subfield code="a">London :</subfield>
   <subfield code="b">Cceptre,</subfield>
   <subfield code="c">c2001.</subfield>
  </datafield>
  <datafield tag="300" ind1=" " ind2=" ">
   <subfield code="a">418 p. ;</subfield>
   <subfield code="c">24 cm.</subfield>
  </datafield>
  <datafield tag="541" ind1=" " ind2=" ">
   <subfield code="e">28629</subfield>
  </datafield>
  <datafield tag="650" ind1=" " ind2="0">
   <subfield code="a">Young men</subfield>
   <subfield code="v">Fiction.</subfield>
   <subfield code="9">5689</subfield>
  </datafield>
  <datafield tag="650" ind1=" " ind2="0">
   <subfield code="a">Children of prostitutes</subfield>
   <subfield code="v">Fiction.</subfield>
   <subfield code="9">6184</subfield>
  </datafield>
  <datafield tag="650" ind1=" " ind2="0">
   <subfield code="a">Fathers and sons</subfield>
   <subfield code="v">Fiction.</subfield>
   <subfield code="9">6185</subfield>
  </datafield>
  <datafield tag="650" ind1=" " ind2="0">
   <subfield code="a">Birthfathers</subfield>
   <subfield code="v">Fiction.</subfield>
   <subfield code="9">6186</subfield>
  </datafield>
  <datafield tag="651" ind1=" " ind2="0">
   <subfield code="a">Tokyo (Japan)</subfield>
   <subfield code="v">Fiction.</subfield>
   <subfield code="9">6187</subfield>
  </datafield>
  <datafield tag="655" ind1=" " ind2="7">
   <subfield code="a">Bildungsromans.</subfield>
   <subfield code="2">gsafd</subfield>
   <subfield code="9">5695</subfield>
  </datafield>
  <datafield tag="942" ind1=" " ind2=" ">
   <subfield code="2">ddc</subfield>
   <subfield code="c">BK</subfield>
  </datafield>
  <datafield tag="999" ind1=" " ind2=" ">
   <subfield code="c">33117</subfield>
   <subfield code="d">33117</subfield>
  </datafield>
  <datafield tag="952" ind1=" " ind2=" ">
   <subfield code="0">0</subfield>
   <subfield code="1">0</subfield>
   <subfield code="2">ddc</subfield>
   <subfield code="4">0</subfield>
   <subfield code="6">823_920000000000000_MIT</subfield>
   <subfield code="7">0</subfield>
   <subfield code="9">44205</subfield>
   <subfield code="a">BRACUL</subfield>
   <subfield code="b">BRACUL</subfield>
   <subfield code="c">GEN</subfield>
   <subfield code="d">2014-11-25</subfield>
   <subfield code="e">BRAC Institute of Language (BIL)</subfield>
   <subfield code="l">0</subfield>
   <subfield code="o">823.92 MIT</subfield>
   <subfield code="p">3010028629</subfield>
   <subfield code="r">2014-11-25</subfield>
   <subfield code="t">1</subfield>
   <subfield code="w">2014-11-25</subfield>
   <subfield code="y">BK</subfield>
   <subfield code="x">Transferred from BIL to BRACUL on 06/06/22</subfield>
  </datafield>
 </record>
</collection>
